| 000 | 01191nam a2200289 i 4500 | ||
|---|---|---|---|
| 003 | EG-ScBUE | ||
| 005 | 20240117114804.0 | ||
| 008 | 100719s1988 u a f 000 0 ara d | ||
| 017 | _a85 / 2459 | ||
| 040 |
_aEG-ScBUE _bara _erda _cEG-ScBUE _dEG-ScBUE |
||
| 043 | _af-ua--- | ||
| 082 | 0 | 4 |
_222 _a962.04 _bم ؤ ن |
| 100 | 1 |
_916482 _aمؤنس، حسين، _eمؤلف. |
|
| 245 | 1 | 0 |
_aباشوات وسوبر باشوات / _cد. حسين مؤنس. |
| 250 |
_aالطبعة الثانية، _bطبعة جديدة منقحة وبها ملاحق إضافية. |
||
| 264 | 1 |
_aالقاهرة : _bالزهراء للإعلام العربي، _c1988. |
|
| 300 |
_a245 صفحة : _bإيضاحيات ؛ _c24 سم |
||
| 336 |
_2rdacontent _aنص _btxt |
||
| 337 |
_aبدون وسيط _2rdamedia _bn |
||
| 338 |
_aمجلد _bnc _2rdacarrier |
||
| 541 |
_aألف باء ؛ _cشراء ؛ |
||
| 650 | 7 |
_913310 _aالسياسيون المصريون. _2BUEsh |
|
| 651 | 7 |
_2BUEsh _aمصر _xتاريخ _yالعصر الحديث (1805 م- ). |
|
| 651 | 7 |
_2BUEsh _aمصر _xتاريخ _yالعصر الحديث _yجمال عبد الناصر (1954-1970). |
|
| 655 | _vReading book | ||
| 942 |
_2ddc _cBB |
||
| 999 |
_c14514 _d14514 |
||